ARRUPE JESUIT UNIVERSITY

CORONAVIRUS -STOP THE SPREAD - CLEAN,DISINFECT,COVER

Swedish cultural policy in the 20th century (Record no. 125729)

MARC details
000 -LEADER
fixed length control field 00425nam a22001337a 4500
008 - FIXED-LENGTH DATA ELEMENTS--GENERAL INFORMATION
fixed length control field 161115b xxu||||| |||| 00| 0 eng d
050 ## - LIBRARY OF CONGRESS CALL NUMBER
Classification number DL631.N53 1980
100 ## - MAIN ENTRY--PERSONAL NAME
Personal name Nilsson,Nils Gunnar
9 (RLIN) 27455
245 ## - TITLE STATEMENT
Title Swedish cultural policy in the 20th century
Statement of responsibility, etc / Nils Gunnar Nilsson
260 ## - PUBLICATION, DISTRIBUTION, ETC. (IMPRINT)
Place of publication, distribution, etc Stockholm
Name of publisher, distributor, etc Swedish Institute
Date of publication, distribution, etc 1980
300 ## - PHYSICAL DESCRIPTION
Extent 95p.;
Dimensions 20cm.
650 ## - SUBJECT ADDED ENTRY--TOPICAL TERM
Topical term or geographic name as entry element Sweden
General subdivision Cultural policy
9 (RLIN) 27456
942 ## - ADDED ENTRY ELEMENTS (KOHA)
Source of classification or shelving scheme Library of Congress Classification
Item type Monograph ( Printed materials)
Holdings
Withdrawn status Lost status Source of classification or shelving scheme Damaged status Not for loan Collection code Home library Current library Shelving location Date acquired Total Checkouts Full call number Barcode Date last seen Price effective from Koha item type
    Library of Congress Classification     Main Collection ARRUPE LIBRARY ARRUPE LIBRARY Main Collection 15/11/2016   DL631.N53 1980 46500009822 04/12/2017 15/11/2016 Monograph ( Printed materials)

 

Arrupe Library. PO Box MP320 Mt Pleasant, Harare, Zimbabwe
263 242 745411|librarian@aju.ac.zw